000 00394nam a2200145Ia 4500
008 230917s9999||||xx |||||||||||||| ||und||
040 _e124100
_aMAIN
041 _aEnglish
082 _aB G151 M:I
100 _aMishra, Anil Dutta
245 0 _aInspiring thoughts of Mahatma Gandhi: Gandhi in daily life
260 _aNew Delhi
_bConcept Publishing
_c2008
300 _a310 p.
942 _cBK
999 _c146894
_d146894